Shiva shakthi principle : (Record no. 143317)

MARC details
000 -LEADER
fixed length control field 00558nam a22001697a 4500
010 ## - LCCN (DPL NO)
LC control number ENG-119572
020 ## - INTERNATIONAL STANDARD BOOK NUMBER
Terms of availability 140.00
035 ## - SYSTEM CONTROL NUMBER
System control number EN-103104
037 ## - SOURCE OF ACQUISITION
Source of stock number/acquisition DBAD/PUB
082 ## - DEWEY DECIMAL CLASSIFICATION NUMBER
Classification number 230.31
100 ## - MAIN ENTRY--PERSONAL NAME
Personal name Vasantha Sai
245 ## - TITLE STATEMENT
Title Shiva shakthi principle :
Statement of responsibility, etc by Vasantha Sai
Remainder of title a declaration /
260 ## - PUBLICATION, DISTRIBUTION, ETC. (IMPRINT)
Place of publication, distribution, etc Tamil Nadu
Name of publisher, distributor, etc Mukthi Nilayam
Date of publication, distribution, etc 2007
270 ## - ADDRESS
Address Royapalayam Village B.O. Thirumangalam S.O. Madurai-Virudhunagar Road, Madurai Dt.
City Tamil Nadu
Postal code 625706
300 ## - PHYSICAL DESCRIPTION
Extent 171p.:
Dimensions 22cm(pbk)
Other physical details ill. (col)
942 ## - ADDED ENTRY ELEMENTS (KOHA)
Source of classification or shelving scheme Dewey Decimal Classification
Item type English Books
Classification part 230.31
Call number suffix VAS
Holdings
Withdrawn status Lost status Not for loan Collection code Home library Current library Date acquired Source of acquisition Cost, normal purchase price Full call number Barcode Copy number Cost, replacement price Koha item type
      Non-fiction Shahdara Branch Shahdara Branch 14/08/2017 DBAD/PUB 140.00 230.31 VAS EN-103104 1 140.00 English Books

© Delhi Public Library
Hit Counter
free hit counter